| 000 | 00906nas a2200289 4500 | ||
|---|---|---|---|
| 001 | BR8501668 | ||
| 003 | BR-BrBNA | ||
| 005 | 20231205090146.0 | ||
| 007 | ta | ||
| 008 | 230509b bl.|||p| |||| 00| 00por d | ||
| 040 |
_aBR-BrBNA _bpor _cBiblioteca Nacional de Agricultura |
||
| 041 | _a(Pt) | ||
| 072 | _aH10 | ||
| 100 | 1 | _aMendes, A.C. de B. | |
| 100 | 1 | _aBicelli, C.R.L. | |
| 100 | 1 | _aGarcia, J. de J. da S. | |
| 245 | 1 | _aControle quimico de selenothrips rubrocinctus (Giard)praga do cacaueiro na regiao de Altamira, Para, Brasil [trips, inseticida] | |
| 650 | _aCACAU | ||
| 650 | _aTRIPS | ||
| 650 | _aINSETICIDA | ||
| 650 | _aCONTROLE QUIMICO | ||
| 650 | _aAMAZONIA | ||
| 773 | 0 |
_tRevista Theobroma (Brazil) _xISSN 0370-7962 _g(Jul-Sep 1984), v. 14(3) p. 189-192 _wBR8501668 |
|
| 856 | 4 | 0 | _dLink DSPACE/MAPA BR8501668 |
| 909 |
_a202311 _bLúcia _c55 _dLúcia Elande |
||
| 942 |
_2AGRIS _n0 _cANA |
||
| 999 |
_c116469 _d116469 |
||